• 首页
  • 本馆介绍
  • 公告通知
  • 最新文献
  • 馆藏检索
  • 电子资源
  • 读者导购
  • 参考咨询
  • 我的图书馆
  • 登录
  • 详细信息显示
  • 放入我的书架
  • 预约/预借图书
  • 作者相关作品
  • 分类相关作品
  • 丛书相关作品
  • 出版社相关作品

书目信息

  • 表格格式
  • 工作单格式
  • 卡片格式
题名:
生物统计学
    
 
作者: 李春喜 编著
分册:  
出版信息: 北京   科学出版社  2018
页数: 298页
开本: 26cm
丛书名:
单 册:
中图分类: Q-332
科图分类:
主题词: 生物统计--高等教育--教材 , 生物统计
电子资源:
ISBN: 978-7-03-037502-5
000 01221nam0 2200289 45
001 012001005104
005 20191213102249.28
010    @a978-7-03-037502-5@dCNY49.80
090    @aQ-3@blcx
100    @a20140429d2013 em y0chiy50 ea
101 0  @achi
102    @aCN@b110000
105    @ay z 001yy
106    @ar
200 1  @a生物统计学@9sheng wu tong ji xue@f李春喜[等]编著
205    @a5版
210    @a北京@c科学出版社@d2018
215    @a298页@d26cm
300    @a普通高等教育“十一五”国家级规划教材 “十二五”普通高等教育本科国家级规划教材
304    @a编著者还有:姜丽娜、邵云、张黛静
330    @a本书介绍了生物统计学的基本原理和方法,在简要叙述了生物统计学的产生、发展及其研究对象与作用以及生物学研究中抽样方法,试验资料的整理、特征数的计算、概率和概率分布、抽样分布的基础上,着重介绍平均数的统计推断、方差分析、直线回归与相关分析、可直线化的非线性回归分析等内容,同时对试验设计原理及对比设计、随机区组设计、拉丁方设计、裂区设计、正交设计等常用试验设计及其统计分析也进行了详细叙述。
606 0  @a生物统计@x高等教育@j教材
606 0  @a生物统计
690    @aQ-332@v5
701  0 @a李春喜@9li chun xi@f(1964.3~)@4编著
801  0 @aCN@b江苏凤凰@c20191020
905    @b1207360-3@dQ-332@e204=5@f4
    
    生物统计学/李春喜[等]编著.-5版.-北京:科学出版社,2018
    298页;26cm
    普通高等教育“十一五”国家级规划教材 “十二五”普通高等教育本科国家级规划教材
    
    ISBN 978-7-03-037502-5:CNY49.80
    本书介绍了生物统计学的基本原理和方法,在简要叙述了生物统计学的产生、发展及其研究对象与作用以及生物学研究中抽样方法,试验资料的整理、特征数的计算、概率和概率分布、抽样分布的基础上,着重介绍平均数的统计推断、方差分析、直线回归与相关分析、可直线化的非线性回归分析等内容,同时对试验设计原理及对比设计、随机区组设计、拉丁方设计、裂区设计、正交设计等常用试验设计及其统计分析也进行了详细叙述。
●
相关链接 在E读中查询图书 在五车中查询图书 在当当中查询图书 在豆瓣中查询图书


正题名:生物统计学     索取号:Q-332/204=5         预约/预借

序号 登录号 条形码 馆藏地/架位号 状态 备注
1 1207360   212073600   第二样本阅览室/ [索取号:Q-332/204=5] 在馆    
2 1207361   212073619   第三借阅区/ [索取号:Q-332/204=5] 在馆    
3 1207362   212073628   第三借阅区/ [索取号:Q-332/204=5] 在馆    
4 1207363   212073637   第三借阅区/ [索取号:Q-332/204=5] 在馆    
唐山师范学院图书馆 欢迎您!
大连网信软件有限公司© 版权所有